En tierra de nadie : José Cuatrecasas, las Ciencias Naturales y el exilio de 1939 /
Uloženo v:
| Hlavní autor: | |
|---|---|
| Médium: | Elektronický zdroj E-kniha |
| Jazyk: | španělština |
| Vydáno: |
Aranjuez (Madrid) :
Ediciones Doce Calles,
[2018]
|
| Témata: | |
| On-line přístup: | Digitalia Hispánica |
| Tagy: |
Přidat tag
Žádné tagy, Buďte první, kdo vytvoří štítek k tomuto záznamu!
|
MARC
| LEADER | 00000nam a2200000Ii 4500 | ||
|---|---|---|---|
| 001 | DIGDOCEC0203 | ||
| 003 | NyNyDIG | ||
| 006 | m o d | ||
| 007 | cr ||||||||||| | ||
| 008 | 241203s2018 sp ob 001 0bspa d | ||
| 035 | |a (OCoLC)1482222021 | ||
| 040 | |a DGITA |b eng |e rda |e pn |c DGITA | ||
| 020 | |z 9788497441964 | ||
| 043 | |a e-sp--- | ||
| 050 | 1 | 4 | |a QK31.C83 ebook |
| 100 | 1 | |a López Sánchez, José María, |e author. | |
| 245 | 1 | 0 | |a En tierra de nadie : |b José Cuatrecasas, las Ciencias Naturales y el exilio de 1939 / |c José María López Sánchez. |
| 246 | 3 | 0 | |a José Cuatrecasas, las Ciencias Naturales y el exilio de 1939 |
| 264 | 1 | |a Aranjuez (Madrid) : |b Ediciones Doce Calles, |c [2018] | |
| 300 | |a 1 online resource. | ||
| 336 | |a text |b txt |2 rdacontent | ||
| 337 | |a computer |b c |2 rdamedia | ||
| 338 | |a online resource |b cr |2 rdacarrier | ||
| 347 | |a text file |2 rdaft | ||
| 347 | |b PDF | ||
| 504 | |a Includes bibliographical references and index. | ||
| 588 | 0 | |a Online resource; title from PDF title page (Digitalia, viewed December 3, 2024) | |
| 600 | 1 | 0 | |a Cuatrecasas, José. |
| 650 | 0 | |a Botanists |z Spain |v Biography. | |
| 650 | 0 | |a Botany |z Spain |x History |y 20th century. | |
| 791 | 2 | |a Digitalia (Firm), |e distributor. | |
| 793 | 0 | |g Digitalia eBook Collection: |a Ediciones Doce Calles | |
| 776 | 0 | 8 | |i Print version: |a López Sánchez, José María. |t En tierra de nadie. |d Aranjuez (Madrid) : Ediciones Doce Calles, [2018] |z 9788497441964 |
| 856 | 4 | 0 | |3 Digitalia Hispánica |u https://digitalia.unach.elogim.com/a/168836/ |
| 910 | |a Premium collection: 2024 | ||